| 000 | 00512 a2200181 4500 | ||
|---|---|---|---|
| 999 |
_c3965 _d3965 |
||
| 020 | _a8122411566 | ||
| 050 | _aQA 75.5 XAV 1998 | ||
| 100 |
_aXavier, C. _eauthor |
||
| 245 |
_aIntroduction to computers and basic programming _cC. Xavier |
||
| 250 | _a2nd | ||
| 264 |
_aNew Delhi : _bNew Age International _c1998 |
||
| 300 |
_a681p.: _bill. |
||
| 500 | _aIncludes index | ||
| 650 | _aComputer programming | ||
| 650 | _aComputers | ||
| 650 | _aElectronic digital computers | ||
| 942 |
_2lcc _cBK _e2nd _h75.5 _iXAV _kQA |
||